Directory computerized criminal justice information systems / 1995 By Richard Scherpenzeel
| Contributors: | |
|---|---|
| Format: | Print Book |
| Language: | English |
| Published: |
1995
|
| In: |
Directory computerized criminal justice information systems
Year: 1995 |
| Availability in Tübingen: | Present in Tübingen. IFK: S 119 27 |
| Check availability: | HBZ Gateway |
| Subito Delivery Service: | Order now. |
MARC
| LEADER | 00000cam a2200000 cc4500 | ||
|---|---|---|---|
| 001 | 1159975019 | ||
| 003 | DE-627 | ||
| 005 | 20220612111146.0 | ||
| 007 | tu | ||
| 008 | 010228s1995 xx ||||| 00| ||eng c | ||
| 020 | |a 9515301947 |9 951-53-0194-7 | ||
| 035 | |a (DE-627)1159975019 | ||
| 035 | |a (DE-576)089975014 | ||
| 035 | |a (DE-599)BSZ089975014 | ||
| 040 | |a DE-627 |b ger |c DE-627 |e rakwb | ||
| 041 | |a eng | ||
| 084 | |a PH 8000 |2 rvk |0 (DE-625)rvk/136482: | ||
| 245 | 0 | 0 | |a Directory computerized criminal justice information systems |n 1995 |p By Richard Scherpenzeel |
| 264 | 1 | |c 1995 | |
| 336 | |a Text |b txt |2 rdacontent | ||
| 337 | |a ohne Hilfsmittel zu benutzen |b n |2 rdamedia | ||
| 338 | |a Band |b nc |2 rdacarrier | ||
| 490 | 1 | |a Publication series / European Institute for Crime Prevention and Control, affiliated with the United Nations |v 27 | |
| 583 | 1 | |a Archivierung prüfen |c 20200919 |f DE-640 |z 2 |2 pdager | |
| 700 | 1 | |a Scherpenzeel, Richard |4 oth | |
| 773 | 1 | 8 | |a Directory computerized criminal justice information systems |w (DE-627)19106002X |w (DE-576)049966189 |w (DE-600)1292297-3 |g 1995 |q 1995 |7 nnas |
| 810 | 2 | |a European Institute for Crime Prevention and Control |t Publication series |v 27 |9 27 |w (DE-627)534655610 |w (DE-576)094179026 |w (DE-600)2372459-6 |x 1799-5590 |7 am | |
| 936 | r | v | |a PH 8000 |b Schriftenreihen, Serien, Kongressberichte, Sammelwerke |k Rechtswissenschaft |k Strafrecht, Strafverfahrensrecht, Kriminologie |k Kriminologie |k Allgemeines |k Schriftenreihen, Serien, Kongressberichte, Sammelwerke |0 (DE-627)127212715X |0 (DE-625)rvk/136482: |0 (DE-576)20212715X |
| 951 | |a MV | ||
| ELC | |b 1 | ||
| LOK | |0 000 xxxxxcx a22 zn 4500 | ||
| LOK | |0 001 2602793787 | ||
| LOK | |0 003 DE-627 | ||
| LOK | |0 004 1159975019 | ||
| LOK | |0 005 20090616110809 | ||
| LOK | |0 008 090616||||||||||||||||ger||||||| | ||
| LOK | |0 040 |a DE-21-110 |c DE-627 |d DE-21-110 | ||
| LOK | |0 541 |e 95/453 | ||
| LOK | |0 852 |a DE-21-110 | ||
| LOK | |0 852 1 |c S 119 27 |m p |9 00 | ||
| LOK | |0 935 |a i110 | ||
| LOK | |0 938 |k p | ||
| LOK | |0 939 |a 16-06-09 |b l01 | ||
| ORI | |a SA-MARC-krimdoka001.raw | ||
| SIG | |a IFK: S 119 27 | ||
